Leyes políticas

Saved in:
Bibliografiske detaljer
Hovedforfatter: Verdugo Marinkovic, Mario (Author)
Format: Bog
Sprog:spansk
Udgivet: Santiago, Chile Jurídica Ediar-Conosur 1988
Fag:
Tags: Tilføj Tag
Ingen Tags, Vær først til at tagge denne postø!

MARC

LEADER 00000nam a2200000 a 4500
001 UCV0808
003 CL-VaPUC
005 20210908074421.0
008 890428e19880000CL |||||||||||||||||spa|d
999 |c 209002  |d 209000 
040 |c Pontificia Universidad Católica de Valparaíso 
082 0 4 |a 342.83 VER 1988  |2 21 
100 0 |a Verdugo Marinkovic, Mario  |e author  |9 295111 
245 1 0 |a Leyes políticas 
260 |a Santiago, Chile   |b Jurídica Ediar-Conosur  |c 1988 
300 |a 187 páginas  
583 |a last modification  |c 19890428 00:00:00  |k Rodrigo Vera 
650 0 |a Elecciones  |9 254997 
650 0 |a Derecho y legislación   |9 255077 
650 0 |a Partidos políticos  |9 254999 
650 0 |a Leyes orgánicas constitucionales  |9 382489 
852 |a BIBDER 
942 |c BK  |2 ddc 
945 |d 19890428 00:00:00 
952 |0 0  |1 0  |2 ddc  |4 0  |6 342_830000000000000_VER_1988  |7 0  |8 A  |9 183799  |a BIBDER  |b BIBDER  |d 2019-11-14  |i 2501775  |l 1  |o 342.83 VER 1988  |p 2501775  |r 2023-01-25  |s 2021-09-07  |w 2019-11-14  |y BK  |k DER